| 000 | 02695cam a22004578i 4500 | ||
|---|---|---|---|
| 001 | 21394971 | ||
| 003 | NUST | ||
| 005 | 20220825121729.0 | ||
| 006 | m |o d | | ||
| 007 | cr ||||||||||| | ||
| 008 | 200112s2020 mdu ob 001 0 eng | ||
| 010 | _a 2019051788 | ||
| 020 |
_a9781681250465 _q(pdf) |
||
| 020 |
_a9781681250489 _q(epub) |
||
| 020 |
_z9781598579659 _q(paperback) |
||
| 038 | _aAzhar | ||
| 040 |
_aDLC _beng _cDLC _erda |
||
| 042 | _apcc | ||
| 050 | 0 | 0 | _aPE1128.A2 |
| 082 | 0 | 0 |
_a428.0071 _223 _bLIT |
| 245 | 0 | 0 |
_aLiteracy foundations for English learners : _ba comprehensive guide to evidence-based instruction _cedited by Elsa Cárdenas-Hagan. |
| 260 |
_aBaltimore : _bPaul H. Brookes Publishing Co., _c2020 |
||
| 263 | _a2005 | ||
| 300 | _a1 online resource | ||
| 336 |
_atext _btxt _2rdacontent |
||
| 337 |
_acomputer _bc _2rdamedia |
||
| 338 |
_aonline resource _bcr _2rdacarrier |
||
| 504 | _aIncludes bibliographical references and index. | ||
| 505 | 0 | _aTeaching literacy skills to English learners / Elsa Cárdenas-Hagan -- Language and literacy development / Elsa Cárdenas-Hagan -- Components of literacy instruction for English learners / Eric Tridas and Elsa Cárdenas-Hagan -- Phonological awareness development among English learners / Virginia Lovelace-Gonzalez -- Phonics development among English learners / Kenneth Nieser and Elsa Cárdenas-Hagan -- Reading fluency among English learners / Coleen D. Carlson -- Vocabulary instruction among English learners / Sharolyn D. Pollard-Durodola -- Reading comprehension among English learners / Colleen K. Reutebuch -- Spelling development among English learners / Elsa Cárdenas-Hagan and Alessandra Rico -- Written language among English learners / Linda O. Cavazos and Elsa Cárdenas-Hagan -- Appendix. Using technology to adapt and enhance instruction for English learners / Elaine Cheesman. | |
| 520 |
_a"This practical text offers guidance on how to provide explicit, systematic instruction on language and literacy to English learners"-- _cProvided by publisher. |
||
| 563 | _aPB | ||
| 588 | _aDescription based on print version record and CIP data provided by publisher; resource not viewed. | ||
| 650 | 0 |
_aEnglish language _xStudy and teaching _xForeign speakers. _911458 |
|
| 650 | 0 |
_aSecond language acquisition. _994984 |
|
| 650 | 0 |
_aLiteracy. _994985 |
|
| 700 | 1 |
_aCárdenas Hagan, Elsa, _eeditor. _994986 |
|
| 776 | 0 | 8 |
_iPrint version: _tLiteracy foundations for English learners _dBaltimore : Paul H. Brookes Publishing Co., [2020] _z9781598579659 _w(DLC) 2019051787 |
| 906 |
_a7 _bcbc _corignew _d1 _eecip _f20 _gy-gencatlg |
||
| 942 |
_2ddc _cLC |
||
| 999 |
_c590589 _d590589 |
||